000 00584nam a2200253Ia 4500
005 20260320200841.0
008 008 262003s9999 xx 000 0 eng d
020 _a9781630814335
037 _aEBOOK
040 _aCRL
040 _beng
040 _cCRL
041 _2eng
041 _aeng
084 _qCRL
100 _aKarame
_91133589
245 0 _aBitcoin and Blockchain Security
260 _bIEEE
260 _c2016
856 _uhttps://ieeexplore.ieee.org/servlet/opac?bknumber=9100940
942 _cEBOOK
999 _c1717291
_d1717291